000 00510nam a2200181Ia 4500
008 090124s9999 xx 000 0 und d
082 _b120283
100 _aराजाध्यक्ष विजया
245 _a अधांतर
250 _a1
260 _c1984
300 _a205
600 _aराजाध्यक्ष विजया
630 _a अधांतर
700 _aराजाध्यक्ष विजया
730 _a अधांतर
942 _cBOOK
999 _c166369
_d166369